Cars by country - Statistics

General Stats
  • This quiz has been taken 101 times
  • The average score is 2 of 10
Answer Stats
Hint Answer % Correct
USA Dodge, chevrolet, saturn, Ford
90%
France Citroen, peugeot, renault, bugatti
56%
Italy Fiat, ferrari, lamborghini, maserati
7%
Spain Seat, Hispano-suiza, Cupra
7%
Japan subaru, honda, Toyota, mitsubishi, acura
2%
Australia Holden, HSV
1%
Russia lada, GAZ, ZIL
1%
England Aston martin, bentley, catheram,
0%
China Geely, GWM
0%
Germany mercedes, audi, maybach, smart, BMW, volkswagen, auto-union
0%
No matching quizzes found
Score Distribution
Percent of People with Each Score
Percentile by Number Answered
Your Score History
You have not taken this quiz